| 000 | 00412nam a22001697a 4500 | ||
|---|---|---|---|
| 003 | MPLRDC | ||
| 005 | 20220104142334.0 | ||
| 008 | 210129b ||||| |||| 00| 0 eng d | ||
| 082 | _a524.9662 YFS 1965 | ||
| 100 | _a恽福森、恽魁宏合编 | ||
| 245 |
_a有机化学基础 _c |
||
| 250 | _a修订版 | ||
| 260 |
_a _b商务印书馆 _c1965 |
||
| 300 | _b平 | ||
| 650 | _a | ||
| 942 |
_cBK _o524.9662 YFS 1965 |
||
| 999 |
_c30013 _d30003 |
||